[Event "10th EICC"]
[Site "Budva MNE"]
[Date "2009.03.08"]
[Round "3"]
[White "Halkias,S"]
[Black "Rasulov,Vu"]
[Result "1/2-1/2"]
[WhiteElo "2578"]
[BlackElo "2391"]
[EventDate "2009.03.06"]

1. Nf3 f5 2. d3 Nf6 3. e4 d6 4. Nc3 g6 5. h4 Bg7 6. exf5 Bxf5 7. d4 c6 8.
Bc4 Bg4 9. Be3 Qa5 10. Qd2 Nbd7 11. Ng5 d5 12. Bd3 Nf8 13. b4 Qd8 14. Ne2
h6 15. Nh3 Ne4 16. Qc1 Bxe2 17. Bxe2 e5 18. dxe5 Bxe5 19. O-O Qxh4 20. c4
Ne6 21. cxd5 cxd5 22. Bd3 O-O 23. Bxe4 Qxe4 24. Rb1 g5 25. Re1 Qf5 26. f3
Rac8 27. Qd1 Bg3 28. Bf2 Bb8 29. Rb3 Rfe8 30. g4 Qf7 31. Qxd5 Rcd8 32. Qc4
Nf8 33. Qxf7+ Kxf7 34. Rxe8 Kxe8 35. Be3 Rd1+ 36. Kg2 Ng6 37. Rc3 Be5 38.
Ra3 a6 39. b5 axb5 40. Rb3 Rd5 41. Kf2 Nf4 42. Bxf4 gxf4 43. Ke2 Rc5 44.
Nf2 Bc7 45. Ne4 Re5 46. Kd3 Rd5+ 47. Kc2 Re5 48. Kd3 Kd7 49. Kd4 Bd6 50. a4
bxa4 51. Rxb7+ Ke6 52. Ra7 Rd5+ 53. Kc4 Ke5 54. Nxd6 Rxd6 55. Ra5+ Kf6 56.
Rf5+ Kg6 57. Rxf4 Ra6 58. Kb5 1/2-1/2

[Event "10th EICC"]
[Site "Budva MNE"]
[Date "2009.03.08"]
[Round "3"]
[White "Lubczynski,R"]
[Black "Maze,S"]
[Result "0-1"]
[WhiteElo "2423"]
[BlackElo "2579"]
[EventDate "2009.03.06"]

1. d4 Nf6 2. c4 g6 3. Nf3 Bg7 4. Nc3 O-O 5. e4 d6 6. Be2 Na6 7. O-O e5 8.
Be3 c6 9. d5 Ng4 10. Bg5 f6 11. Bh4 c5 12. Ne1 h5 13. Nc2 Nh6 14. f3 Nf7
15. a3 Bh6 16. b4 b6 17. Rb1 Bd7 18. Kh1 Kg7 19. Qd3 Qc8 20. Bg3 f5 21.
exf5 Bxf5 22. Ne4 Ng5 23. Ne3 Bxe4 24. fxe4 Nh7 25. Qc3 Nf6 26. Bf3 Rf7 27.
b5 Nb8 28. Qd3 Nbd7 29. Nc2 Bg5 30. Bf2 Qh8 31. Be3 Bf4 32. g3 Bxe3 33.
Nxe3 h4 34. Kg2 Qh7 35. Rh1 h3+ 36. Kf2 Nxe4+ 37. Qxe4 Raf8 38. Rhf1 Rxf3+
39. Qxf3 Rxf3+ 40. Kxf3 Qh5+ 41. g4 Qg5 42. Ke2 Nf6 43. Rf3 e4 44. Rxh3 Nd7
45. Rg3 Qh4 46. Rg2 Ne5 47. Rf1 Qh3 48. Rff2 Nd3 49. Rf1 g5 50. Rgf2 Nxf2
51. Rxf2 Kg6 52. Kd2 Qh8 53. Nc2 Qh4 54. Rg2 Qh3 55. Ne3 Qf3 56. Re2 Kf6
57. Rg2 Ke5 58. Re2 Kd4 59. Re1 Qf2+ 60. Re2 Qh4 61. Re1 Qxh2+ 62. Re2 Qf4
63. Re1 Qf2+ 64. Re2 Qg1 65. Re1 Qxe1+ 0-1

[Event "10th EICC"]
[Site "Budva MNE"]
[Date "2009.03.08"]
[Round "3"]
[White "Leniart,A"]
[Black "Khairullin,I"]
[Result "1/2-1/2"]
[WhiteElo "2360"]
[BlackElo "2574"]
[EventDate "2009.03.06"]

1. e4 c6 2. d4 d5 3. e5 c5 4. Nf3 Bg4 5. c4 cxd4 6. cxd5 Qxd5 7. Nc3 Qd7 8.
Bb5 Nc6 9. Qxd4 Bxf3 10. Qxd7+ Kxd7 11. gxf3 e6 12. Be3 Nge7 13. Ba4 Nf5
14. O-O-O+ Kc7 15. f4 a6 16. Bxc6 Kxc6 17. Rd2 Nxe3 18. fxe3 Bc5 19. Re1
Rhd8 20. Rc2 Bb4 21. Rg1 g6 22. a3 Bxc3 23. Rxc3+ Kb6 1/2-1/2

[Event "10th EICC"]
[Site "Budva MNE"]
[Date "2009.03.08"]
[Round "3"]
[White "Andersson,U"]
[Black "Marinkovic,Sl"]
[Result "1/2-1/2"]
[WhiteElo "2571"]
[BlackElo "2388"]
[EventDate "2009.03.06"]

1. Nf3 Nf6 2. c4 b6 3. g3 c5 4. Bg2 Bb7 5. O-O g6 6. b3 Bg7 7. Bb2 O-O 8.
Nc3 d5 9. Nxd5 Nxd5 10. Bxg7 Kxg7 11. cxd5 Qxd5 12. d4 cxd4 13. Qxd4+ Qxd4
14. Nxd4 Bxg2 15. Kxg2 Rc8 16. Rac1 Na6 17. Rfd1 Rxc1 18. Rxc1 Rd8 19. Rc4
Rd7 20. f4 Nc5 21. Kf3 f5 22. e3 a5 23. a3 Kf7 24. g4 fxg4+ 25. Kxg4 Rd5
26. b4 axb4 27. axb4 Nd7 28. b5 1/2-1/2

[Event "10th EICC"]
[Site "Budva MNE"]
[Date "2009.03.08"]
[Round "3"]
[White "Cheparinov,I"]
[Black "Georgiadis,I"]
[Result "1-0"]
[WhiteElo "2679"]
[BlackElo "2383"]
[EventDate "2009.03.06"]

1. e4 c5 2. Nf3 d6 3. d4 cxd4 4. Nxd4 Nf6 5. Nc3 a6 6. Be3 e5 7. Nb3 Be6 8.
Qd2 Nbd7 9. O-O-O Rc8 10. f4 b5 11. Kb1 Be7 12. h3 b4 13. Nd5 Nxe4 14. Qxb4
Bxd5 15. Rxd5 Ng3 16. Rg1 Nxf1 17. Rxf1 Qc7 18. c3 Qc6 19. Rfd1 Rb8 20. Na5
Qxd5 21. Rxd5 Rxb4 22. cxb4 Nf6 23. Rd1 exf4 24. Bxf4 Kd7 25. Nc4 d5 26.
Ne5+ Ke6 27. Nc6 Bd6 28. Nd4+ Kd7 29. Bxd6 Kxd6 30. Rc1 Ke5 31. Nc6+ Kf4
32. Rc3 Rc8 33. a4 Ke4 34. Kc2 Ne8 35. Rc5 Rc7 36. Kc3 f5 37. Nd4 g5 38.
Ne6 Rxc5+ 39. bxc5 g4 40. b4 Ke5 41. Nd4 Nf6 42. c6 Kd6 43. b5 axb5 44.
axb5 gxh3 45. gxh3 Kc5 46. Nxf5 Ne8 47. Nd4 Nd6 48. Kd3 Nc4 49. h4 h5 50.
Nf5 Kxb5 51. c7 Nb6 52. Ne7 Kc5 53. c8=Q Nxc8 54. Nxc8 Kc6 55. Kd4 Kd7 56.
Nb6+ Ke6 57. Nxd5 Kf5 58. Ne3+ Kf4 59. Ng2+ Kf3 60. Ke5 Kxg2 61. Kf4 1-0

[Event "10th EICC"]
[Site "Budva MNE"]
[Date "2009.03.08"]
[Round "3"]
[White "Kalezic,B"]
[Black "Malakhov,V"]
[Result "0-1"]
[WhiteElo "2460"]
[BlackElo "2692"]
[EventDate "2009.03.06"]

1. e4 c5 2. c3 d5 3. exd5 Qxd5 4. d4 Nf6 5. Nf3 e6 6. Be3 cxd4 7. cxd4 Be7
8. Nc3 Qd8 9. Bd3 O-O 10. O-O b6 11. Qe2 Bb7 12. Rad1 Nd5 13. Bc1 Nd7 14.
a3 Rc8 15. Ne4 h6 16. Ng3 Re8 17. Rfe1 Bf8 18. h4 Bd6 19. Ba6 Bxa6 20. Qxa6
Bxg3 21. fxg3 Qc7 22. g4 Qc4 23. Qxc4 Rxc4 24. g5 h5 25. Kh2 Rec8 26. Bd2
Kh7 27. Kh3 Rc2 28. Rc1 R8c7 29. b3 Rb2 30. Rxc7 Nxc7 31. Rc1 Nd5 32. Rc8
b5 33. Ra8 Rxb3 34. Rxa7 N7b6 35. Rxf7 Rxa3 36. Rb7 Nc4 37. Be1 Nd6 38. Rd7
Nf5 39. Kh2 Ra2 40. Bd2 b4 41. Rb7 Rb2 42. Rb8 Nfe7 43. Kh3 Rb3 44. Kh2 Rb1
45. Ne5 Rb2 46. Nf3 b3 47. Kh3 Nc6 48. Re8 Nxd4 49. Bc1 Rc2 50. Nxd4 Rxc1
51. Nxe6 b2 52. Nf8+ Kg8 53. g6 Nf4+ 54. Kg3 Nxg6 55. Nxg6+ Kf7 56. Rb8
b1=Q 57. Rxb1 Rxb1 58. Nf4 g6 59. Kf3 Kf6 60. g3 Rb3+ 61. Kg2 Kf5 62. Kh3
Rb6 63. Nd5 Rd6 64. Nf4 Ke4 65. Kg2 Ke3 66. Kh2 Kf3 67. Kh3 Rd1 68. Kh2 Kg4
69. Nxg6 Rd2+ 70. Kg1 Kxg3 71. Kf1 Rf2+ 72. Kg1 Rf5 73. Nh8 Rf6 0-1

[Event "10th EICC"]
[Site "Budva MNE"]
[Date "2009.03.08"]
[Round "3"]
[White "D'Costa,L"]
[Black "Areshchenko,A"]
[Result "0-1"]
[WhiteElo "2445"]
[BlackElo "2673"]
[EventDate "2009.03.06"]

1. d4 d5 2. c4 c6 3. Nc3 Nf6 4. e3 e6 5. Nf3 Nbd7 6. Bd3 dxc4 7. Bxc4 b5 8.
Bd3 Bd6 9. O-O O-O 10. e4 e5 11. Ne2 c5 12. dxe5 Nxe5 13. Nxe5 Bxe5 14.
Bxb5 Rb8 15. Qa4 a6 16. Bc4 Nxe4 17. Bxa6 Rb4 18. Qa3 Bxh2+ 19. Kxh2 Qd6+
20. Bf4 Qxa6 21. Ng3 Qf6 22. Bc7 Nd2 23. b3 Rh4+ 24. Kg1 Nf3+ 25. gxf3 Qxf3
26. Rfc1 Bh3 0-1

[Event "10th EICC"]
[Site "Budva MNE"]
[Date "2009.03.08"]
[Round "3"]
[White "Jobava,Ba"]
[Black "Bykhovsky,An ISR"]
[Result "1-0"]
[WhiteElo "2669"]
[BlackElo "2459"]
[EventDate "2009.03.06"]

1. e4 c5 2. Nf3 Nc6 3. d4 cxd4 4. Nxd4 Nf6 5. Nc3 e5 6. Nb3 Bb4 7. Bd3 d5
8. exd5 Nxd5 9. Bd2 Nxc3 10. bxc3 Be7 11. Qh5 g6 12. Qe2 O-O 13. h4 Re8 14.
h5 e4 15. hxg6 hxg6 16. Bxe4 Bf6 17. f3 Bf5 18. O-O-O Qe7 19. Kb1 Rad8 20.
g4 Bxe4 21. fxe4 Qe5 22. Qf3 Bg5 23. Rdf1 Rd7 24. Bxg5 Qxg5 25. Nc5 Rc7 26.
Qh3 Qe5 27. Qh7+ Kf8 28. Qxg6 Nd8 29. Rh5 Qxc3 30. Qd6+ 1-0

[Event "10th EICC"]
[Site "Budva MNE"]
[Date "2009.03.08"]
[Round "3"]
[White "Grachev,B"]
[Black "Dembo,Y"]
[Result "1-0"]
[WhiteElo "2655"]
[BlackElo "2456"]
[EventDate "2009.03.06"]

1. d4 Nf6 2. Nf3 g6 3. Bf4 Bg7 4. e3 O-O 5. Be2 d6 6. h3 c5 7. Nbd2 Nc6 8.
c3 Be6 9. dxc5 dxc5 10. Qc2 a6 11. a4 Bf5 12. e4 Bd7 13. O-O Nh5 14. Be3 b6
15. Rfd1 Qc7 16. Nc4 Be6 17. a5 Nxa5 18. Nxa5 bxa5 19. Ng5 Nf4 20. Nxe6
Nxe6 21. Bg4 Rab8 22. Rd5 Rb5 23. Rad1 Qb8 24. Bc1 c4 25. Bxe6 fxe6 26. Rd7
Bf6 27. Qe2 Rc5 28. Qg4 Rc6 29. Bf4 e5 30. Bh6 Re8 31. Qe2 Qb5 32. R1d5 Qb6
33. Qd2 Kf7 34. Be3 Qb8 35. Rxa5 Qc8 36. Rad5 Bg7 37. Bg5 Re6 38. R5d6 Qc5
39. Rxe6 Kxe6 40. Ra7 Kf7 41. Rxa6 Qb5 42. Ra7 Bf6 43. Bxf6 Kxf6 44. Qh6
Qb6 45. Ra1 Rh8 46. Qh4+ Kf7 47. Kh2 Qc7 48. Rd1 Kg7 49. Qg4 Rd8 50. Rxd8
Qxd8 51. Qe6 Qc7 52. Kg3 Kf8 53. h4 Qc5 54. Qd5 Qc7 55. Kg4 Kg7 56. Qe6 Qc5
57. Kf3 h5 58. g3 Qc7 59. Qd5 Kf6 60. Qb5 Qc8 61. Ke3 Qc7 62. f4 exf4+ 63.
gxf4 Qa7+ 64. Ke2 Qa1 65. Qxc4 Qxb2+ 66. Kd3 Qb1+ 67. Kd4 Qd1+ 68. Qd3 Qg1+
69. Kc4 Qg4 70. Qd4+ Kf7 71. Qd5+ Kg7 72. Qe5+ Kf7 73. Qd5+ Kg7 74. Qg5
Qe2+ 75. Kd4 Qd2+ 76. Kc4 Qe2+ 77. Kc5 Qe3+ 78. Kb5 Qxe4 79. c4 Qb7+ 80.
Kc5 Qc7+ 81. Kd4 Qd6+ 82. Ke4 Qb4 83. Qe5+ Kf7 84. Qd5+ e6 85. Qd7+ Kf6 86.
Qd8+ Kf7 87. Qc7+ Kf6 88. Kd4 Qa3 89. Qe5+ Kf7 90. Qc7+ Kf6 91. Qe5+ Kf7
92. Qb8 Kf6 93. Qd8+ Kf7 94. Qb6 Kf6 95. c5 Qa1+ 96. Kc4 Qf1+ 97. Kb4 Qxf4+
98. Ka5 Qd2+ 99. Ka6 Qd3+ 100. Qb5 Qd8 101. Qb2+ Kf5 102. Qc2+ Kf6 103.
Qc3+ e5 104. Qf3+ Ke6 105. Qb3+ Qd5 106. Qxd5+ Kxd5 107. Kb5 Ke6 108. c6 e4
109. Kb6 1-0

[Event "10th EICC"]
[Site "Budva MNE"]
[Date "2009.03.08"]
[Round "3"]
[White "Kapnisis,S"]
[Black "Savchenko,B"]
[Result "1-0"]
[WhiteElo "2441"]
[BlackElo "2654"]
[EventDate "2009.03.06"]

1. e4 c5 2. Nf3 d6 3. d4 cxd4 4. Nxd4 Nf6 5. Nc3 Nc6 6. Bc4 Bd7 7. O-O g6
8. Nxc6 Bxc6 9. Bg5 Bg7 10. Nd5 Bxd5 11. exd5 O-O 12. Re1 Rc8 13. Bb3 Re8
14. Qd2 Nd7 15. c3 Nc5 16. Bc2 Bf6 17. h4 Bxg5 18. Qxg5 Kg7 19. Qf4 e5 20.
dxe6 Nxe6 21. Qg3 Qf6 22. Ba4 Red8 23. Bb3 Nc5 24. Qg5 Re8 25. Qxf6+ Kxf6
26. Rad1 Rxe1+ 27. Rxe1 Nxb3 28. axb3 Rc5 29. Rd1 Ke6 30. b4 Rd5 31. Re1+
Kd7 32. Kf1 Rd2 33. Re2 Rd1+ 34. Re1 Rd2 35. Re2 Rd1+ 36. Re1 Rxe1+ 37.
Kxe1 Ke6 38. Ke2 f6 39. Ke3 Ke5 40. g3 Kf5 41. f3 Ke5 42. Kd3 a6 43. Ke3 d5
44. Kd3 Ke6 45. Kd4 h5 46. Kc5 g5 47. Kb6 Kd6 48. Kxb7 Kd7 49. Kxa6 f5 50.
f4 1-0

[Event "10th EICC"]
[Site "Budva MNE"]
[Date "2009.03.08"]
[Round "3"]
[White "Nyback,T"]
[Black "Pogorelov,R"]
[Result "1-0"]
[WhiteElo "2644"]
[BlackElo "2451"]
[EventDate "2009.03.06"]

1. d4 Nf6 2. c4 e6 3. Nf3 b6 4. g3 Ba6 5. Qc2 Bb7 6. Bg2 Bb4+ 7. Bd2 Bxd2+
8. Nbxd2 d6 9. e4 Nbd7 10. O-O e5 11. b4 c5 12. dxc5 dxc5 13. b5 O-O 14.
Rfe1 Qc7 15. Nb1 a6 16. Nc3 axb5 17. cxb5 Rfd8 18. Nd2 Nf8 19. Nc4 Ne6 20.
a4 Nd4 21. Qb2 Rab8 22. a5 bxa5 23. Rxa5 Qe7 24. b6 Nc6 25. Nd5 Nxd5 26.
exd5 Nxa5 27. Nxa5 Qd6 28. Nc6 Re8 29. Nxb8 Qxb8 30. Qb5 Rc8 31. Qd7 c4 32.
d6 Bxg2 33. Kxg2 c3 34. b7 Rd8 35. Qc7 f6 36. Rc1 Rf8 37. Qxb8 Rxb8 38. d7
Kf7 39. Rxc3 Ke7 40. Rc8 1-0

[Event "10th EICC"]
[Site "Budva MNE"]
[Date "2009.03.08"]
[Round "3"]
[White "Navara,D"]
[Black "Chibukhchian,A"]
[Result "1-0"]
[WhiteElo "2638"]
[BlackElo "2444"]
[EventDate "2009.03.06"]

1. c4 g6 2. d4 Bg7 3. Nf3 d6 4. g3 Nf6 5. Bg2 O-O 6. Nc3 c6 7. O-O Qa5 8.
e4 Bg4 9. h3 Bxf3 10. Bxf3 Nfd7 11. Be3 Qb4 12. Qb3 Na6 13. Rfd1 Qxb3 14.
axb3 Nb4 15. Rd2 c5 16. e5 cxd4 17. Bxd4 Bxe5 18. Bxe5 Nxe5 19. Bxb7 Rab8
20. Rxa7 Nbd3 21. Re2 Nc5 22. f4 Rxb7 23. Rxb7 Nf3+ 24. Kf2 Nxb7 25. Rxe7
Na5 26. Kxf3 Rb8 27. Ke4 Rxb3 28. Kd5 Rxb2 29. Ne4 Rb3 30. Nxd6 Rd3+ 31.
Kc5 Nb3+ 32. Kb4 Rxd6 33. Kxb3 Rd3+ 34. Kb4 Kf8 35. Re4 f5 36. Re5 Rxg3 37.
c5 Rg1 38. c6 Rb1+ 39. Kc5 Kf7 40. c7 Kf6 41. Kc6 1-0

[Event "10th EICC"]
[Site "Budva MNE"]
[Date "2009.03.08"]
[Round "3"]
[White "Schroll,G"]
[Black "Aleksandrov,A"]
[Result "0-1"]
[WhiteElo "2430"]
[BlackElo "2636"]
[EventDate "2009.03.06"]

1. e4 e5 2. Nf3 Nc6 3. c3 Nge7 4. Bc4 Ng6 5. d4 Be7 6. Be3 d6 7. Nbd2 Bf6
8. d5 Nce7 9. h4 c6 10. Qb3 cxd5 11. exd5 Nf5 12. h5 0-1

[Event "10th EICC"]
[Site "Budva MNE"]
[Date "2009.03.08"]
[Round "3"]
[White "Ivanisevic,I"]
[Black "Durarbeyli,V"]
[Result "1/2-1/2"]
[WhiteElo "2628"]
[BlackElo "2439"]
[EventDate "2009.03.06"]

1. d4 Nf6 2. c4 e6 3. Nc3 Bb4 4. Qc2 d5 5. a3 Bxc3+ 6. Qxc3 Ne4 7. Qc2 c5
8. dxc5 Nc6 9. e3 Qa5+ 10. Bd2 Nxd2 11. Qxd2 dxc4 12. Qxa5 Nxa5 13. Rc1 b5
14. cxb6 Ba6 15. b4 Nb3 16. Rxc4 axb6 17. Rc3 Bxf1 18. Kxf1 Nd2+ 19. Ke2
Nb1 20. Rc6 Kd7 21. Rc1 Nxa3 22. Nf3 Rhc8 23. Rhd1+ Ke7 24. Ne5 Rxc1 25.
Rxc1 f6 26. Nf3 Nb5 27. Rc6 Ra6 28. Nd2 Kd7 29. Rc2 Nd6 30. Nc4 Nxc4 31.
Rxc4 Ra2+ 32. Kf3 Rb2 33. h4 b5 34. Rd4+ Ke7 35. g4 e5 36. Rd5 Rxb4 37. h5
Rb1 38. Ke4 Ke6 39. Rd8 g6 40. Re8+ Kf7 41. Rb8 Kg7 42. hxg6 Rb4+ 43. Kf5
hxg6+ 44. Ke6 Rxg4 45. Rb7+ Kh6 46. Kxf6 Rg2 47. Rxb5 Rxf2+ 48. Ke6 e4 49.
Rb4 g5 50. Rxe4 Kh5 51. Rb4 g4 52. Rb8 g3 53. Rg8 Kh4 54. e4 1/2-1/2

[Event "10th EICC"]
[Site "Budva MNE"]
[Date "2009.03.08"]
[Round "3"]
[White "Kurmann,O"]
[Black "Petrosian,TL"]
[Result "0-1"]
[WhiteElo "2415"]
[BlackElo "2623"]
[EventDate "2009.03.06"]

1. e4 c5 2. Nf3 Nc6 3. Nc3 g6 4. d4 cxd4 5. Nxd4 Bg7 6. Be3 Nf6 7. Bc4 O-O
8. Bb3 d6 9. f3 Qa5 10. Qd2 Nxd4 11. Bxd4 Be6 12. O-O-O b5 13. Kb1 b4 14.
Nd5 Nxd5 15. Bxg7 Nc3+ 16. bxc3 Kxg7 17. cxb4 Qb5 18. a4 Qc6 19. Qd4+ Kg8
20. Rd3 Rfc8 21. b5 Qc7 22. Qb2 Qa5 23. Qa2 a6 24. Bxe6 fxe6 25. Qxe6+ Kf8
26. b6 Qxb6+ 27. Rb3 Qc6 28. Rc1 Rab8 29. Qd5 Qc7 30. Qd2 Qc4 31. Kb2 Qxa4
32. Ra1 Qc4 33. h4 Rb5 34. Raa3 Rbc5 35. Rc3 Qb5+ 36. Rab3 Rxc3 37. Qh6+
Kg8 38. Rxb5 axb5 39. Qg5 Rxc2+ 40. Kb3 R8c3+ 41. Kb4 Rc4+ 42. Kb3 Rc7 43.
f4 R2c3+ 44. Kb2 Rc2+ 45. Kb3 R7c3+ 46. Kb4 Rc4+ 47. Kb3 R2c3+ 48. Kb2 Rc2+
49. Kb3 R2c3+ 50. Kb2 Kf7 51. f5 Rc2+ 52. Kb3 R2c3+ 53. Kb2 Rc2+ 54. Kb3
gxf5 55. Qxf5+ Ke8 56. Qxb5+ Rc6 57. Qh5+ Kd8 58. Qxh7 R2c3+ 59. Kb4 Rc1
60. e5 Rb6+ 61. Ka5 Rb8 62. Qg8+ Kc7 63. exd6+ Kc6 0-1

[Event "10th EICC"]
[Site "Budva MNE"]
[Date "2009.03.08"]
[Round "3"]
[White "Lysyj,I"]
[Black "Valeanu,E"]
[Result "1-0"]
[WhiteElo "2620"]
[BlackElo "2432"]
[EventDate "2009.03.06"]

1. d4 Nf6 2. c4 c5 3. d5 e6 4. Nc3 exd5 5. cxd5 d6 6. Nf3 g6 7. Bf4 a6 8.
a4 Bg7 9. h3 O-O 10. e3 Qe7 11. Bd3 Nh5 12. Bh2 f5 13. Qd2 Nd7 14. O-O Ne5
15. Be2 Nxf3+ 16. Bxf3 Nf6 17. Rab1 Ne4 18. Qc2 Re8 19. Bxe4 fxe4 20. b4 b6
21. bxc5 bxc5 22. Rb6 Be5 23. Bxe5 Qxe5 24. Rfb1 Ra7 25. Rb8 Rae7 26. R1b6
g5 27. Ra8 g4 28. Rbb8 Qf5 29. h4 Rf8 30. a5 g3 31. f3 Ree8 32. Nxe4 Kg7
33. Qc3+ Kh6 34. Nxd6 Qxd5 35. Qc1 Qxd6 36. Rb6 Rf6 37. e4+ Kg7 38. Rxd6
Rxd6 39. Qg5+ Rg6 40. Qxc5 1-0

[Event "10th EICC"]
[Site "Budva MNE"]
[Date "2009.03.08"]
[Round "3"]
[White "Sakaev,K"]
[Black "Matsenko,S"]
[Result "1-0"]
[WhiteElo "2619"]
[BlackElo "2429"]
[EventDate "2009.03.06"]

1. c4 Nf6 2. Nc3 e6 3. d4 d5 4. cxd5 exd5 5. Bg5 c6 6. Qc2 Be7 7. e3 Nbd7
8. Bd3 h6 9. Bh4 Nh5 10. Bxe7 Qxe7 11. Nge2 Nb6 12. O-O-O Be6 13. Kb1 O-O-O
14. Nc1 Kb8 15. Nb3 Bc8 16. Ka1 Nd7 17. Rc1 Nhf6 18. Rhe1 Qd6 19. h3 Rhe8
20. f3 Qg3 21. a4 Nb6 22. e4 dxe4 23. fxe4 Be6 24. Nc5 a5 25. Red1 Nfd7 26.
Nxe6 Rxe6 27. e5 Re7 28. Be4 f6 29. Bf3 Qh4 30. Ne4 fxe5 31. d5 c5 32. Bg4
Rf7 33. Nxc5 Nxc5 34. Qxc5 Nxa4 35. Qxa5 b6 36. Qa6 Rb7 37. Qb5 Qf2 38. Kb1
Nc5 39. Rc2 Qf7 40. d6 h5 41. Be2 Qg6 42. b4 e4 43. Qc4 Nd3 44. Bxd3 exd3
45. Rxd3 Qf7 46. Rd5 b5 47. Qd4 g6 48. d7 Rdxd7 49. Qh8+ Ka7 50. Ra2+ Kb6
51. Qd4+ Kc7 52. Qe5+ 1-0

[Event "10th EICC"]
[Site "Budva MNE"]
[Date "2009.03.08"]
[Round "3"]
[White "Wojtaszek,R"]
[Black "Klenburg,M"]
[Result "1-0"]
[WhiteElo "2608"]
[BlackElo "2426"]
[EventDate "2009.03.06"]

1. d4 d6 2. Nf3 Nf6 3. c4 g6 4. Nc3 Bg7 5. g3 O-O 6. Bg2 c6 7. O-O Bf5 8.
Ne1 e5 9. d5 cxd5 10. cxd5 Na6 11. e4 Bd7 12. Nd3 Qa5 13. Bd2 Rfc8 14. b4
Qa3 15. Qb3 Qxb3 16. axb3 Nc7 17. Rfc1 Nb5 18. Nxb5 Bxb5 19. Nb2 Rxc1+ 20.
Rxc1 Ne8 21. Nc4 Rc8 22. Ra1 a6 23. Be3 Bf6 24. Bh3 Rb8 25. f3 Bd8 26. f4
exf4 27. gxf4 Bc7 28. Bd4 Rd8 29. Na5 f5 30. exf5 Bd7 31. Re1 Bxf5 32. Bxf5
gxf5 33. Re7 Rc8 34. Nc4 1-0

[Event "10th EICC"]
[Site "Budva MNE"]
[Date "2009.03.08"]
[Round "3"]
[White "Berg,E"]
[Black "Maksimovic,Br"]
[Result "1/2-1/2"]
[WhiteElo "2606"]
[BlackElo "2423"]
[EventDate "2009.03.06"]

1. e4 e6 2. d4 d5 3. Nc3 Bb4 4. e5 c5 5. a3 Bxc3+ 6. bxc3 Qa5 7. Bd2 Qa4 8.
Qg4 Kf8 9. Qd1 b6 10. Nf3 Ne7 11. Bd3 Ba6 12. O-O Nd7 13. Bxa6 Qxa6 14. a4
h6 15. a5 bxa5 16. dxc5 Nc6 17. Nd4 Ndxe5 18. f4 Nd7 19. f5 e5 20. f6 Nxf6
21. Rxf6 gxf6 22. Nf5 Ne7 23. Nd6 Rd8 24. c4 Rxd6 25. Rxa5 Qxc4 26. cxd6
Nc6 27. Rxd5 Nd4 28. Ra5 Nc6 29. Rd5 Nd4 30. Ra5 Nc6 1/2-1/2

[Event "10th EICC"]
[Site "Budva MNE"]
[Date "2009.03.08"]
[Round "3"]
[White "Kotronias,V"]
[Black "Solomunovic,I"]
[Result "1-0"]
[WhiteElo "2603"]
[BlackElo "2416"]
[EventDate "2009.03.06"]

1. e4 d6 2. d4 g6 3. Nc3 Nf6 4. f4 Bg7 5. Nf3 O-O 6. Bd3 Nh5 7. O-O Bg4 8.
Be3 e5 9. dxe5 dxe5 10. f5 Nc6 11. h3 Bxf3 12. Qxf3 Nd4 13. Qf2 c6 14. Rad1
Nf4 15. Kh2 Qc7 16. g3 Nxd3 17. Rxd3 Rfe8 18. g4 b5 19. h4 Rad8 20. h5 Rd7
21. Bc1 b4 22. Nd1 c5 23. Rh3 Qc6 24. f6 Qxf6 25. Qxf6 Bxf6 26. Rxf6 Ne2
27. Ne3 Nxc1 28. Nd5 Red8 29. Rf1 Ne2 30. Nf6+ Kf8 31. Nxd7+ Rxd7 32. hxg6
hxg6 33. Rh8+ Kg7 34. Rc8 Nf4 35. Rxc5 Rd2+ 36. Kg3 Ne6 37. Rxe5 Rxc2 38.
Rf2 Rc4 39. g5 Rc1 40. Rd2 Rg1+ 41. Kf2 Rg4 42. Rdd5 Rh4 43. Kg3 Rh1 44.
Rd7 Kg8 45. Rxa7 Rg1+ 46. Kf2 Rb1 47. b3 1-0

[Event "10th EICC"]
[Site "Budva MNE"]
[Date "2009.03.08"]
[Round "3"]
[White "Vedmediuc,S"]
[Black "L'Ami,E"]
[Result "1/2-1/2"]
[WhiteElo "2414"]
[BlackElo "2603"]
[EventDate "2009.03.06"]

1. c4 Nf6 2. Nc3 e6 3. e4 c5 4. Nf3 Nc6 5. Be2 e5 6. d3 d6 7. a3 Be7 8. Rb1
a5 9. b3 O-O 10. O-O Ne8 11. Nd5 f5 12. b4 axb4 13. axb4 fxe4 14. dxe4 cxb4
15. Nxb4 Nf6 16. Nxc6 bxc6 17. c5 Nxe4 18. cxd6 Bxd6 19. Qc2 Nc5 20. Be3
Qe7 21. Rbd1 Bf5 22. Qc3 Kh8 23. Ng5 Ra2 24. Rxd6 Rc2 25. Qxc2 Bxc2 26.
Rxc6 Ne4 27. Nxh7 Kxh7 28. Rxc2 Rd8 29. Rd1 Rxd1+ 30. Bxd1 Qb4 31. Kf1 Nc3
32. Bf3 Qb5+ 33. Kg1 Qd3 1/2-1/2

[Event "10th EICC"]
[Site "Budva MNE"]
[Date "2009.03.08"]
[Round "3"]
[White "Huzman,A"]
[Black "Nestorovic,N"]
[Result "1-0"]
[WhiteElo "2602"]
[BlackElo "2415"]
[EventDate "2009.03.06"]

1. Nf3 Nf6 2. c4 g6 3. Nc3 Bg7 4. e4 c5 5. d4 Qa5 6. Bd3 cxd4 7. Nxd4 Nc6
8. Nb3 Qd8 9. Be3 d6 10. Be2 O-O 11. O-O a5 12. Rc1 Bd7 13. f3 a4 14. Nd2
a3 15. b3 Nb4 16. Ndb1 Bc6 17. Qd2 Qa5 18. Nb5 Nd7 19. N1c3 Nc5 20. Nd4 f5
21. exf5 gxf5 22. Rfd1 f4 23. Bf2 Be5 24. Ncb5 Bd7 25. Kh1 Nca6 26. Nc2 Nc6
27. Qxa5 Nxa5 28. Nbxa3 Nc6 29. Nb5 Nab4 30. Nxb4 Nxb4 31. a4 Bf5 32. Rd2
Rfc8 33. Bf1 Bg6 34. Kg1 Na6 35. Bd3 Be8 36. Bf5 Rcb8 37. Rb1 Bg6 38. Bxg6
hxg6 39. Bd4 Bg7 40. Re1 Re8 41. Rde2 Bxd4+ 42. Nxd4 e5 43. Nb5 Rad8 44.
Rd2 Nc5 45. Rb1 e4 46. fxe4 Rxe4 47. a5 Re3 48. b4 Nd3 49. Nc7 Ne5 50. c5
Nf7 51. Rbd1 Kf8 52. cxd6 Rd7 53. Nd5 Re6 54. Nxf4 Rf6 55. Rd4 Rdxd6 56.
Rxd6 Nxd6 57. Nd3 Ke7 58. Rf1 Re6 59. Nf4 Re4 60. Nxg6+ Ke6 61. Rf4 Re1+
62. Kf2 Rh1 63. h3 Nf5 64. Re4+ Kf6 65. Ne5 Rb1 66. Nd3 1-0

[Event "10th EICC"]
[Site "Budva MNE"]
[Date "2009.03.08"]
[Round "3"]
[White "Panic,Ne"]
[Black "Stevic,H"]
[Result "0-1"]
[WhiteElo "2407"]
[BlackElo "2592"]
[EventDate "2009.03.06"]

1. d4 d5 2. Bf4 Nf6 3. e3 c5 4. c3 Nc6 5. Nd2 cxd4 6. exd4 Bf5 7. Ngf3 e6
8. Be2 Bd6 9. Bxd6 Qxd6 10. Nh4 Be4 11. f3 Bg6 12. g3 e5 13. dxe5 Qxe5 14.
Nb3 O-O 15. Nxg6 hxg6 16. O-O Qe3+ 17. Kg2 Qb6 18. Qd2 Rad8 19. Rfd1 Rd6
20. Qe1 Na5 21. Nxa5 Qxa5 22. Rd4 Re6 23. Qd2 Rfe8 24. Bf1 Re5 25. a3 R8e6
26. Rd1 Qc7 27. Qf2 a6 28. R1d2 g5 29. h3 g6 30. Rb4 Ne8 31. Rbd4 Nf6 32.
Rb4 Kg7 33. Rbd4 Re7 34. R4d3 Kh7 35. Rd4 Qc8 36. Bd3 Qe6 37. Rd1 Kg7 38.
Rb4 Qc6 39. g4 Ne8 40. Rb6 Qc7 41. Rb4 Nd6 42. Qb6 Qb8 43. Qd4 f6 44. Rb6
Qc7 45. Rd2 R5e6 46. Qg1 Ne4 47. fxe4 Rxb6 48. exd5 Rd6 49. c4 b5 50. b3
bxc4 51. bxc4 Qa5 52. Rc2 Rxd5 53. cxd5 Qxd5+ 54. Kh2 Qxd3 55. Qf2 Re3 56.
h4 Rh3+ 57. Kg2 Rxh4 58. Rc7+ Kh6 59. Qf3 Rh2+ 0-1

[Event "10th EICC"]
[Site "Budva MNE"]
[Date "2009.03.08"]
[Round "3"]
[White "Mastrovasilis,D"]
[Black "Zueger,B"]
[Result "0-1"]
[WhiteElo "2580"]
[BlackElo "2408"]
[EventDate "2009.03.06"]

1. e4 c5 2. Nf3 d6 3. d4 cxd4 4. Nxd4 Nf6 5. f3 Nc6 6. c4 Qb6 7. Nc2 e6 8.
Nc3 Be7 9. Bd3 O-O 10. Be3 Qc7 11. O-O b6 12. Qd2 Bb7 13. Rfd1 Rac8 14. Bf1
Rfd8 15. Rac1 Qb8 16. Nd4 d5 17. cxd5 exd5 18. Nxc6 Bxc6 19. Bf4 Qb7 20. e5
d4 21. Nb5 Ne8 22. Nxd4 Bc5 23. Be3 Nc7 24. b4 Bxd4 25. Bxd4 Ba4 26. Qe1
Bxd1 27. Rxd1 Qd5 28. Rd2 Ne6 29. Bc3 Qc6 30. Rxd8+ Rxd8 31. Qe3 Rd1 32.
Kf2 Nf4 33. b5 Qc7 34. Qxf4 Qxc3 35. Bc4 Qe1+ 0-1

[Event "10th EICC"]
[Site "Budva MNE"]
[Date "2009.03.08"]
[Round "3"]
[White "Yilmaz,M"]
[Black "Kotanjian,T"]
[Result "0-1"]
[WhiteElo "2400"]
[BlackElo "2568"]
[EventDate "2009.03.06"]

1. e4 c5 2. Nf3 d6 3. d4 cxd4 4. Nxd4 Nf6 5. Nc3 a6 6. Bg5 e6 7. f4 Nbd7 8.
Qf3 Qc7 9. O-O-O b5 10. Bxb5 axb5 11. Ndxb5 Qb8 12. e5 Bb7 13. Qe2 dxe5 14.
Qc4 Be7 15. Nc7+ Kf8 16. Bxf6 Nxf6 17. fxe5 Nd5 18. N3xd5 exd5 19. Nxd5 Qc8
20. Qb3 Bxd5 21. Qxd5 Ra6 22. a3 g6 23. Rhf1 Qe6 24. Qxe6 Rxe6 25. Rd5 Kg7
26. c3 Re8 27. Kc2 Bg5 28. b4 Rxe5 29. Rxe5 Rxe5 30. Rf2 Be3 31. Rf3 f5 32.
Rf1 f4 33. c4 Rg5 34. c5 Rxg2+ 35. Kb3 Rg1 36. Rf3 g5 37. c6 g4 38. c7 Rb1+
0-1

[Event "10th EICC"]
[Site "Budva MNE"]
[Date "2009.03.08"]
[Round "3"]
[White "Saric,Iv"]
[Black "Cvetkovic,Sr"]
[Result "1-0"]
[WhiteElo "2566"]
[BlackElo "2407"]
[EventDate "2009.03.06"]

1. e4 c5 2. Nf3 e6 3. d4 cxd4 4. Nxd4 a6 5. Bd3 g6 6. O-O Bg7 7. Nf3 Nc6 8.
c4 Nge7 9. Nc3 O-O 10. Bc2 d6 11. Be3 Qc7 12. Qe2 e5 13. Qd2 Bg4 14. Ne1
Nd4 15. Bd3 Be6 16. Nd5 Nxd5 17. exd5 Bd7 18. Rc1 a5 19. Nc2 Nxc2 20. Rxc2
b6 21. b4 f5 22. f3 e4 23. fxe4 fxe4 24. Be2 Rxf1+ 25. Bxf1 Be5 26. bxa5
bxa5 27. g3 Rb8 28. c5 Ba4 29. Rc1 Rb2 30. cxd6 Qd8 31. Qe1 Rxa2 32. Bh3
Bd7 33. Qf1 Bxh3 34. Qxh3 Qxd6 35. Rc8+ Kg7 36. Qh6+ Kf7 37. Qxh7+ 1-0